000 00529nam a22001577a 4500
008 150519b xxu||||| |||| 00| 0 eng d
020 _a9789280811049
041 0 _aENG
245 0 0 _aThe UN role in promoting democracy :
_cedited by Edward Newman and Roland Rich.
260 _aTokyo ;
_aNew York :
_bUnited Nations University Press,
_cc2004.
300 _a357 f
_c24 cm.
650 0 _aDemocratization
_vCase studies.
700 _aNewman, Edward,
_c1970-
700 _aRich, Roland.
942 _2udc
_cBK
999 _c822
_d822